Problems in Quantum Mechanics
Saved in:
| Main Authors: | , |
|---|---|
| Format: | Bog |
| Sprog: | engelsk |
| Udgivet: |
Londres
Pergamon Press
1961
|
| Udgivelse: | 1a. ed |
| Fag: | |
| Tags: |
Tilføj Tag
Ingen Tags, Vær først til at tagge denne postø!
|
MARC
| LEADER | 00000nam a2200000 a 4500 | ||
|---|---|---|---|
| 001 | UCH1684 | ||
| 003 | CL-VaPUC | ||
| 008 | 090507e19610000UK |||||||||||||||||eng|d | ||
| 082 | 0 | 4 | |a 530.12 |b GOL |2 21 |
| 100 | |a Gol'dman, Iosif Il'ich |e author |9 536142 | ||
| 700 | 0 | |a Krivchenkov, Vladimir Dmitrievich |e author |9 536143 | |
| 245 | 1 | 0 | |a Problems in Quantum Mechanics |
| 250 | |a 1a. ed | ||
| 300 | |a 275 p | ||
| 942 | |c BK | ||
| 945 | |d 20090507 00:00:00 |a dcastane | ||
| 260 | |a Londres |b Pergamon Press |c 1961 | ||
| 650 | 0 | |a Teoría cuántica |9 266148 | |
| 650 | 0 | |a Física cuántica |9 354949 | |
| 583 | |a last modification |c 20090507 00:00:00 |k Rodrigo Vera | ||
| 999 | |c 333599 |d 333597 | ||
| 952 | |0 0 |1 0 |4 0 |6 530_120000000000000_GOL_1961 |7 0 |8 A |9 422131 |a BIBCUR |b BIBCUR |d 2019-11-22 |i 4536150 |l 1 |m 1 |o 530.12 GOL 1961 |p 4536150 |r 2025-04-22 |s 2022-10-21 |w 2019-11-22 |y BK |k FIS | ||